000 01023cam a2200265 a 4500
005 20180312142017.0
008 140508s2007 ck a gr 000 j spa
020 _a9580453411
040 _aCO-BoUCM
_bspa
_cJose A. Gerena
_dJose A. Gerena
041 1 _aspa
100 1 _aBourgeois, Paulette
_949457
245 1 0 _aFranklin en la oscuridad
_cPaulette Bourgeois ; ilustraciones de Brenda Clark ; traducción de Ana Cristina Robledo
260 _aBogotá (Colombia)
_bNorma
_c2007
300 _a[30] páginas
_bilustraciones a color
490 1 _aDías felices con Franklin
650 7 _aCuentos ilustrados para niños
_937305
650 7 _aLibros y lectura para niños
_918524
650 7 _aLiteratura infantil estadounidense
_918685
690 _942862
_aLiteratura estadounidense
700 1 _aClark, Brenda
_eilustrador
_950642
700 1 _aRobledo, Ana Cristina
_etraductor
_960714
765 _tFranklin in the dark
942 _a18
_cLIBRO
_e1
_mB772os
_2DEWEY
_h813.54
_n0
999 _c242214
_d242214